000 01128nam a2200253 a 4500
999 _c12673
_d12673
001 12673
003 BD-JhCC
005 20221116131100.0
008 221116s2018 bg |||| |||| 000 0 ban d
020 _a9848203512
035 _a(BD-JhCC)12673
040 _aBD-JhCC
_dBD-JhCC
041 _aBangla
082 _a953.122
_bALU 2018
100 _aআল উমরী, ড: আকরাম জিয়া
245 _aরসুল সা.-এর যুগে মদিনার সমাজ :
_bমুশরিকদের বিরুদ্ধে জিহাদ /
_c ড: আকরাম জিয়া আল উমরী; এম রুহুল আমিন (অনু.)
260 _aঢাকা :
_bবাংলাদেশ ইনস্টিটিউট অব ইসলামিক থ্যট (বিআইআইটি),
_c২০১৮
300 _a২২৮ পৃ. :
_c২১ সেমি.
504 _aগ্রন্থপঞ্জি অন্তর্ভূক্ত।
650 _aSaudi Arabia--Medina
650 _aTravel
700 _aআমিন, এম রুহুল
942 _2ddc
_cBK